Sports Quiz

Random Sports or Mixed Word Quiz

Mixed Word: Rugby Quiz Stats

Quiz not verified by Sporcle

Challenge
Share
Tweet
Embed
Score 0/16 Timer 02:00
0 Plays Today
MIXED WORD RUGBY TERM % Correct
RTYTRY
99.4%
UMALMAUL
98.3%
URKCRUCK
96.9%
ORLLING AMUL ROLLING MAUL
96.3%
ODRP OAGLDROP GOAL
96%
ISN IBNSIN BIN
95.7%
UMDP ATCKELDUMP TACKLE
94.9%
INDBLISDEBLINDSIDE
94.9%
MIXED WORD RUGBY TERM % Correct
USCMRSCRUM
94.3%
ESTT TAMHCTEST MATCH
89.8%
ORVETUNRTURNOVER
84.7%
OTUHCTOUCH
82.1%
COSIONNVRECONVERSION
79.8%
OOHERKHOOKER
77.3%
ENPLAYTPENALTY
53.1%
HASPEPHASE
41.8%

You're not logged in!

Compare scores with friends on all Sporcle quizzes.
Join for Free
OR
Log In

You Might Also Like...

Show Comments

Extras

Created Feb 17, 2012ReportNominate
Tags:Mixed Word Quiz, Rugby Quiz

Top Quizzes Today


Score Distribution

Your Account Isn't Verified!

In order to create a playlist on Sporcle, you need to verify the email address you used during registration. Go to your Sporcle Settings to finish the process.

Report this User

Report this user for behavior that violates our Community Guidelines.

Details: